000 00823nam a2200253Ia 4500
001 17998
003 GE_BSU
008 181216s||||||||xx |||||||||||||| ||und||
040 _cGE_BSU
080 _a821.353.1-31
100 _aნაჭყებია, რ. (რევაზ)
245 _aჯუჯა ალვის ხეები. წ. 1.
245 _bრომანი
245 _cრედ. ზ. კუხიანიძე. მხატვ. ო.ქანდარია
250 _aგამოც.I
260 _aქუთაისი
260 _bსაბჭ. საქართველო
260 _c1988
300 _a470 გვ. : პორტრ. 20 სმ.
541 _h90თ
653 _aრომანი
653 _aჯუჯა ალვის ხეები
942 _cBK
999 _c51041
_d51041